Every Song by Oasis - Statistics

General Stats
  • This quiz has been taken 437 times
    390 since last reset
  • The average score is 49 of 107
Answer Stats
Album Song % Correct
(What's the Story) Morning Glory?(1995) Wonderwall
88%
Definitely Maybe(1994) Live Forever
86%
Definitely Maybe(1994) Supersonic
86%
(What's the Story) Morning Glory?(1995) Don't Look Back in Anger
85%
(What's the Story) Morning Glory?(1995) Champagne Supernova
81%
(What's the Story) Morning Glory?(1995) Morning Glory
79%
Definitely Maybe(1994) Rock n' Roll Star
78%
Definitely Maybe(1994) Slide Away
78%
The Masterplan(1998) The Masterplan
78%
Definitely Maybe(1994) Cigarettes & Alcohol
76%
(What's the Story) Morning Glory?(1995) Hello
74%
Definitely Maybe(1994) Married with Children
74%
(What's the Story) Morning Glory?(1995) Roll with It
73%
Definitely Maybe(1994) Columbia
71%
Definitely Maybe(1994) Shakermaker
71%
(What's the Story) Morning Glory?(1995) She's Electric
71%
Definitely Maybe(1994) Digsy's Dinner
69%
(What's the Story) Morning Glory?(1995) Some Might Say
69%
The Masterplan(1998) Acquiesce
68%
Be Here Now(1997) Stand by Me
68%
Heathen Chemistry(2002) Stop Crying Your Heart Out
67%
Be Here Now(1997) All Around the World
66%
Be Here Now(1997) All Around the World(Reprise)
66%
Be Here Now(1997) Be Here Now
66%
(What's the Story) Morning Glory?(1995) Cast No Shadow
66%
The Masterplan(1998) Half the World Away
64%
Be Here Now(1997) D'You Know What I Mean
63%
Don't Believe the Truth(2005) The Importance of Being Idle
63%
Definitely Maybe(1994) Bring It on Down
62%
Heathen Chemistry(2002) Little by Little
62%
Don't Believe the Truth(2005) Lyla
62%
(What's the Story) Morning Glory?(1995) Hey Now!
61%
Standing on the Shoulder of Giants(2000) Fuckin' in the Bushes
60%
Standing on the Shoulder of Giants(2000) Gas Panic!
60%
Definitely Maybe(1994) Up in the Sky
60%
Definitely Maybe(Bonus)(1994) Whatever
60%
Be Here Now(1997) Don't Go Away
59%
The Masterplan(1998) Talk Tonight
59%
Heathen Chemistry(2002) The Hindu Times
59%
Heathen Chemistry(2002) Songbird
58%
Standing on the Shoulder of Giants(2000) Go Let It Out
52%
Standing on the Shoulder of Giants(2000) Little James
51%
Be Here Now(1997) My Big Mouth
51%
Dig Out Your Soul(2008) The Shock of the Lightning
51%
Live Demonstration(1993) Fade Away
50%
Don't Believe the Truth(2005) Let There Be Love
50%
(What's the Story) Morning Glory?(Bonus)(1995) Bonehead's Bank Holiday
48%
Dig Out Your Soul(2008) I'm Outta Time
48%
The Masterplan(1998) Listen Up
48%
Be Here Now(1997) The Girl in the Dirty Shirt
47%
Be Here Now(1997) Fade In-Out
46%
Be Here Now(1997) Magic Pie
46%
The Masterplan(1998) Rockin' Chair
46%
Standing on the Shoulder of Giants(2000) Roll It Over
46%
Be Here Now(1997) I Hope, I Think, I Know
45%
Definitely Maybe(Bonus)(1994) Sad Song
45%
Standing on the Shoulder of Giants(2000) Sunday Morning Call
45%
(What's the Story) Morning Glory?(1995) Untitled/The Swamp Song — Excerpt 1
44%
(What's the Story) Morning Glory?(1995) Untitled/The Swamp Song — Excerpt 2
44%
Standing on the Shoulder of Giants(2000) Who Feels Love?
41%
The Masterplan(1998) Headshrinker
40%
Heathen Chemistry(2002) She is Love
38%
Standing on the Shoulder of Giants(2000) Where Did It All Go Wrong?
38%
The Masterplan(1998) Underneath the Sky
36%
Dig Out Your Soul(2008) Falling Down
35%
Be Here Now(1997) It's Gettin' Better(Man!!)
34%
Knebworth 1996(2021) It's Gettin' Better (Man!!)
34%
Don't Believe the Truth(2005) Mucky Fingers
34%
Standing on the Shoulder of Giants(2000) Put Yer Money Where Yer Mouth Is
33%
The Masterplan(1998) Stay Young
33%
Don't Believe the Truth(2005) Turn Up the Sun
33%
Dig Out Your Soul(2008) Bag It Up
32%
Standing on the Shoulder of Giants(2000) I Can See a Liar
32%
The Masterplan(1998) (It's Good) to be Free
32%
Heathen Chemistry(2002) Better Man
30%
Heathen Chemistry(2002) Force of Nature
30%
The Masterplan(1998) Going Nowhere
30%
Don't Believe the Truth(2005) Guess God Thinks I'm Abel
30%
Dig Out Your Soul(2008) Soldier On
30%
Heathen Chemistry(2002) Born on a Different Cloud
29%
Dig Out Your Soul(2008) (Get Off Your) High Horse Lady
28%
Dig Out Your Soul(2008) Waiting for the Rapture
28%
Dig Out Your Soul(2008) The Turning
27%
Knebworth 1996(2021) Round Are Way
26%
Don't Believe the Truth(2005) A Bell Will Ring
25%
Heathen Chemistry(2002) A Quick Peep
25%
Definitely Maybe(Bonus)(1994) Cloudburst
25%
Don't Believe the Truth(2005) Keep the Dream Alive
25%
Don't Believe the Truth(2005) Love Like a Bomb
25%
Live Demonstration(1993) D'yer Wanna Be a Spaceman?
24%
Heathen Chemistry(2002) Hung in a Bad Place
24%
Don't Believe the Truth(2005) Part of the Queue
24%
Standing on the Shoulder of Giants(Bonus)(2000) Let's All Make Believe
23%
Don't Believe the Truth(2005) The Meaning of Soul
23%
Dig Out Your Soul(2008) The Nature of Reality
22%
Heathen Chemistry(Hidden)(2002) The Cage
18%
Dig Out Your Soul(2008) To Be Where There's Life
18%
Time Flies... 1994-2009(2010) Lord Don't Slow Me Down
17%
Dig Out Your Soul(2008) Ain't Got Nothin'
16%
Heathen Chemistry(2002) (Probably) All in the Mind
15%
Don't Believe the Truth(B-Sides)(2005) Eyeball Tickler
12%
Don't Believe the Truth(B-Sides)(2005) Pass Me Down the Wine
8%
Don't Believe the Truth(B-Sides)(2005) Sitting Here in Silence (On My Own)
7%
Heathen Chemistry(Bonus)(2002) (You've Got) the Heart of a Star
6%
Dig Out Your Soul(2008) I Believe In All
5%
Live Demonstration(1993) Strange Thing
4%
Don't Believe the Truth(Bonus)(2005) Can Y'See It Now? (I Can See It Now!!)
2%
No matching quizzes found
Score Distribution
Percent of People with Each Score
Percentile by Number Answered
Your Score History
You have not taken this quiz since the last reset